Give Liberty An America History (Record no. 3337)

MARC details
000 -LEADER
fixed length control field 00361nam a22001457a 4500
008 - FIXED-LENGTH DATA ELEMENTS--GENERAL INFORMATION
fixed length control field 250507b |||||||| |||| 00| 0 eng d
020 ## - INTERNATIONAL STANDARD BOOK NUMBER
ISBN 9780393675627
100 ## - MAIN ENTRY--AUTHOR
Author Foner Eric
245 ## - TITLE STATEMENT
Title Give Liberty An America History
250 ## - EDITION STATEMENT
Edition statement 6th
260 ## - PUBLICATION, DISTRIBUTION, ETC. (IMPRINT)
Place of publication New York
Name of publisher W.W. Norton And Company
Date of publication 2020
300 ## - COLLATION
Pagination xiiv, 156P.
942 ## - ADDED ENTRY ELEMENTS (KOHA)
Item type Books
050 ## - LIBRARY OF CONGRESS CALL NUMBER
Classification number E178
Item number .F66
Holdings
Source of classification or shelving scheme Not for loan Permanent location Current location Date acquired Accession No. Full call number Barcode. Koha item type
Library of Congress Classification   Samuel Ogbemudia Main Library, University of Abuja Samuel Ogbemudia Main Library, University of Abuja 05/07/2025 2024/63992 E178.F66 2025-1795 Books